Calor en Termodinámica

Bibliographic Details
Main Author: Zemanski, Mark W.
Format: Section = Libro
Language:Undetermined
Spanish
Published: Italia Zanichelli 1981
Subjects:
LEADER 00442nam a2200181Ia 4500
008 240829s9999 xx 000 0 und d
040 |a BIBLIOTECA-RUPAP 536.7 Z53 
041 |a spa 
082 |a 536.7 Z53 
100 1 |a Zemanski, Mark W. 
245 1 0 |a Calor en Termodinámica 
260 |a Italia  |b Zanichelli  |c 1981 
300 |a 591 p. :il. 
650 7 |a TERMODINAMICA 
650 7 |b  CALOR I. Tít. 
942 |c BK  |2 ddc 
991 |a TEXTO 
999 |c 8505